| 000 | 01272cam a2200157 4500500 | ||
|---|---|---|---|
| 005 | 20251228151126.0 | ||
| 041 | _afre | ||
| 042 | _adc | ||
| 100 | 1 | 0 |
_aFavard, Florent _eauthor |
| 245 | 0 | 0 | _aLa série est un récit (improvisé) : l’articulation de l’intrigue à long terme et la notion de « mythologie » |
| 260 | _c2016. | ||
| 500 | _a40 | ||
| 520 | _aCet article s’intéresse à la notion de « mythologie » telle qu’elle est employée par les scénaristes et critiques (notamment dans la sphère anglo-saxonne) et à ce qu’elle pourrait apporter à la compréhension des structures narratives macroscopiques déployées à l’échelle des séries télévisées narrativement complexes contemporaines. Il se focalise sur des séries ayant participé à la popularisation et à l’évolution de cette notion – The X-Files (Fox, 1993-2002), Fringe (Fox, 2008-2013) et Person of Interest (CBS, 2011-présent) – et s’interroge sur la construction du récit télévisuel au travers des glissements de sens de la notion dynamique qu’est la mythologie d’une série. | ||
| 786 | 0 | _nTélévision | 7 | 1 | 2016-03-24 | p. 49-64 | 2108-8926 | |
| 856 | 4 | 1 | _uhttps://shs.cairn.info/revue-television-2016-1-page-49?lang=fr&redirect-ssocas=7080 |
| 999 |
_c1608941 _d1608941 |
||